000 00989nam a22003137a 4500
001 6298
003 FISKH
005 20250409142408.0
008 250409b cb ||||| |||| 00| 0 eng d
020 _a0590439480
040 _aDLC
_cDLC
_dDLC
_beng
050 _aPZ7.K6797 H
082 _a813
100 1 _aKline, Suzy
_d(1943-)
245 1 0 _aHorrible Harry and the ant invasion /
_cby Suzy Kline ; pictures by Frank Remkiewicz.
250 _aThis edition first published in 1992
260 _aNew York :
_bScholastic,
_c1989.
300 _a56 pages :
_billustrations ;
_c20 cm.
505 _aJ
520 _aHorrible Harry of classroom 2B cuts back on his mischievous pranks after falling for Song Lee.
521 8 _a440
_bLexile
521 8 _aJ
_bRaz-Plus
650 1 _aSchools
_xFiction.
650 1 _aAnts
_xEveryday life
700 1 _aRemkiewicz, Frank,
_eillustrator
906 _a7
_bcbc
_corignew
_d1
_eocip
_f19
_gy-gencatlg
942 _2ddc
_cBK
_n0
999 _c6298
_d6298